000 00690nam a2200217Ia 4500
003 GCL
008 140319s9999 xx 000 0 ara d
040 _aGCL /
_cGCL
082 0 4 _a962.43
_bى س
100 1 _aيونان لبيب رزق
245 1 0 _aالسودان فى عهد الحكم العثمانى الاول /
_cيونان لبيب رزق
260 _a[S.N] :
_bمعهد البحوث والدراسات العربية ،
_c1976
300 _a517 ص
490 _a
650 0 4 _aالعصر الحديث
650 0 4 _aتاريخ
650 0 4 _aالسودان
650 0 4 _aالثورة المهدية
650 0 4 _aالاستعمار البريطانى
942 _2ddc
_cBK
999 _c28422
_d28422